Coming Down - The Weeknd Lyrics - Statistics

General Stats
  • This quiz has been taken 196 times
  • The average score is 159 of 192
Answer Stats
Hint Answer % Correct
I
100%
you
99%
you,
99%
coming
97%
8x down
97%
I'm
97%
When
97%
when
97%
to
94%
want
94%
always
93%
All
90%
all
90%
4x alone
90%
got
90%
again,
89%
again
89%
know
89%
The
88%
the
88%
And
87%
and
87%
but
85%
But
85%
how
85%
something
85%
tell
85%
don't
84%
me
83%
Girl,
82%
girl,
82%
your
82%
it
81%
say
81%
what
80%
up
79%
with
79%
bad
78%
been
78%
that
76%
comes
75%
money
75%
problems
75%
finished
74%
phone
74%
solutions
74%
party's
73%
this
73%
mean
72%
one
72%
only
72%
thing
72%
guess
71%
Pick
71%
'Cause
70%
feelin'
70%
Poppin'
66%
these
66%
baby
65%
everything
64%
quit
64%
before
63%
end
63%
forget
63%
tried
63%
I'ma
62%
my
62%
use
62%
faded
60%
why
60%
that's
57%
'em
55%
especially
55%
n*ggas
54%
could
53%
Hope
52%
nobody
52%
take,
52%
take
52%
begin
49%
spend,
48%
ain't
45%
tight
39%
Supply
38%
lied
29%
No matching quizzes found
Score Distribution
Percent of People with Each Score
Percentile by Number Answered
Your Score History
You have not taken this quiz